Manual de sensibilización y orientación a padres de familia.

שמור ב:
מידע ביבליוגרפי
מחבר ראשי: Jasso Sepúlveda, Susana [et al.], (autor)
פורמט: ספר
שפה:ספרדית
נושאים:
תגים: הוספת תג
אין תגיות, היה/י הראשונ/ה לתייג את הרשומה!

MARC

LEADER 00000cam^a2200000uu^4500
001 000467859
005 20250521000000.0
008 050901s1990^^^^^^^^^^^^rd^r^^000^0^spa^d
009 20260310124457.112
035 |a FCE 000010591 
035 |a FCE 031817 
037 |a Acervo ITESO - Biblioteca 
041 |a spa 
082 0 4 |a 301.42  |b JASm 
100 |a Jasso Sepúlveda, Susana,  |e [et al.]  |e (autor) 
245 1 0 |a Manual de sensibilización y orientación a padres de familia. 
264 |a Monterrey :  |b SCEPENL : ITESM,  |c 1990. 
300 |a 105 p. 
336 |a texto  |b txt  |2 rdacontenido 
337 |a sin mediación  |b n  |2 rdamedio 
338 |a volumen  |b nc  |2 rdasoporte 
649 |a XX 
650 |a Manual 
650 |a Educación Familiar 
650 |a Relación familia-escuela 
650 |a Objetivo educativo 
650 |a Relación padres-hijos 
650 |a Educación de los padres 
650 |a Influencia de la comunidad 
910 |a Fondo Centro de Estudios Educativos 
920 |a Impresos - Libros 
930 |a Fondos Especiales 
905 |a 133 
901 |a ALE031817  |b IT2  |c CEE  |u 20250521 
902 |a https://opac.biblio.iteso.mx/vufind/Record/000467859